| 000 | 00899nam a2200241 a 4500 | ||
|---|---|---|---|
| 001 | 000011382 | ||
| 005 | 20241130074012.0 | ||
| 008 | 091016t2006 dr ac 001 0 spa d | ||
| 020 | _a9945405322 | ||
| 040 |
_aDO-SdBNP _bspa _cBNPHU |
||
| 082 |
_aRD861.4409 _bB253zP |
||
| 100 | 1 |
_aPérez, Odalís _d1952- _923828 |
|
| 245 | 1 | 0 |
_aSócrates Barinas Coiscou : _bel tiempo de la poesía y la memoria / _cOdalís G. Pérez. |
| 260 |
_aSanto Domingo : _bManatí, _c2006. |
||
| 300 |
_a310 p. : _bil., retrs. ; _c23 cm. |
||
| 500 | _aIncluye datos biográficos del autor en las solapas. | ||
| 504 | _aBibliografía : p. 305-310. | ||
| 590 | _aInventariado, 2019/LP | ||
| 600 | 1 | 4 |
_aBARINAS COISCOU, SÓCRATES, _d1916- _xCRÍTICA E INTERPRETACIÓN _926997 |
| 650 | 4 |
_aPoesía dominicana _xHistoria y crítica _913072 |
|
| 650 | 0 |
_aLiteratura dominicana. _967 |
|
| 910 | _aValidado. Control de calidad EMS. | ||
| 999 |
_c11089 _d11089 |
||